| 000 | 00631nam a2200205 4500 | ||
|---|---|---|---|
| 001 | 135148 | ||
| 003 | ES-MaACL | ||
| 005 | 20250805062610.0 | ||
| 007 | t| | ||
| 008 | 070710s1946 sp |||| | spa d | ||
| 100 | 1 |
_aTönnies, Ferdinand. _9110579 |
|
| 245 | 1 | 0 |
_aPrincipios de sociología / _cFerdinand Tönnies ; versión española de Vicente Llorèns. |
| 250 | _a2ª ed. en español. | ||
| 260 |
_aMéxico : _bFondo de Cultura Económica, _c1946. |
||
| 300 |
_a405 p. ; _c22 cm. |
||
| 650 | 7 |
_aSociología _2embne _917195 |
|
| 700 | 1 |
_aLlorèns, Vicente. _9146543 |
|
| 852 |
_aES-MaACL _jD-5975 |
||
| 999 |
_c135148 _d135148 |
||